MARC

LEADER 00000nam0a2200000 4500
001 371391
005 20231102012356.0
035 |a (RuTPU)RU\TPU\retro\28801 
090 |a 371391 
100 |a 20221017d1978 km y0rusy50 ca 
101 0 |a rus 
102 |a RU 
105 |a a z 001zy 
200 1 |a Новые методы исследования в теоретической электротехнике и инженерной электрофизике  |e межвузовский сборник  |f Ивановский государственный университет ; Ивановский энергетический институт 
210 |a Иваново  |c Изд-во ИЭИ  |d 1978 
215 |a 153 с.  |c ил. 
300 |a Посвящается 60-летию института 
320 |a Библиогр. в конце ст. 
606 1 |a Электротехника теоретическая  |2 stltpush  |3 (RuTPU)RU\TPU\subj\20909  |9 45970 
610 1 |a теоретическая электротехника 
610 1 |a электрофизика 
610 1 |a инженерные исследования 
610 1 |a электрофильтры 
610 1 |a электрические поля 
610 1 |a электрические заряды 
610 1 |a расчеты 
610 1 |a магнитные поля 
610 1 |a физические исследования 
610 1 |a индукционные ускорители 
610 1 |a микродвигатели 
610 1 |a асинхронные двигатели 
610 1 |a трансформаторы 
675 |a 621.3.01  |v 4 
712 0 2 |a Ивановский государственный университет  |2 stltpush  |3 (RuTPU)RU\TPU\col\442  |9 23435 
712 0 2 |a Ивановский энергетический институт  |c (1930-1992)  |2 stltpush  |3 (RuTPU)RU\TPU\col\6341  |9 24234 
801 1 |a RU  |b 63413507  |c 20221017 
942 |c BK